Sea World Parks Coasters By Manufacturer Quiz Stats

 Plays Quiz not verified by Sporcle

Challenge
Share
Tweet
Embed
Score 0/25 Timer 10:00
0 Plays Today
Hint Answer % Correct
Busch Gardens Williamsburg Premier RidesTempesto
93.8%
Sea World Orlando B&MManta
82.6%
Sea World San Diego Mack RidesManta
82.6%
Sea World Orlando B&MKraken
78.3%
Busch Gardens Tampa B&MKumba
73.9%
Busch Gardens Tampa B&MMontu
73.9%
Busch Gardens Tampa SchwarzkopfScorpion
73.9%
Busch Gardens Tampa B&MSheiKra
73.9%
Busch Gardens Williamsburg B&MGriffon
73.9%
Busch Gardens Tampa IntaminCheetah Hunt
69.6%
Busch Gardens Williamsburg B&MAlpengeist
69.6%
Busch Gardens Williamsburg B&MApollo's Chariot
69.6%
Sea World San Antonio MorganSteel Eel
69.6%
Hint Answer % Correct
Busch Gardens Tampa ZiererAir Grover
65.2%
Busch Gardens Williamsburg Arrow DynamicsLoch Ness Monster
65.2%
Busch Gardens Williamsburg ZiererVerbolten
65.2%
Sea World San Antonio ZiererShamu Express
65.2%
Sea World Orlando ZiererShamu Express
65.2%
Sea World San Antonio Mack RidesJourney to Atlantis
60.9%
Sea World Orlando Mack RidesJourney to Atlantis
60.9%
Sea World San Diego Mack RidesJourney to Atlantis
60.9%
Sea World San Antonio B&MThe Great White
56.5%
Busch Gardens Tampa Mack RidesSand Serpent
52.2%
Busch Gardens Williamsburg ZiererGrover's Alpine Express
52.2%
Sesame Place VekomaVapor Trail
39.1%

You're not logged in!

Compare scores with friends on all Sporcle quizzes.
Join for Free
OR
Log In

You Might Also Like...

Show Comments

Extras

Top Quizzes Today


Score Distribution

Your Account Isn't Verified!

In order to create a playlist on Sporcle, you need to verify the email address you used during registration. Go to your Sporcle Settings to finish the process.

Report this User

Report this user for behavior that violates our Community Guidelines.

Details: